banner-ar

ايران وللثورة وجوة متعددة: قصة صعود وسقوط التيار الاسلامى التقدمى فى ايران من 1965 الى 1981 / (Record no. 43027)

MARC details
000 -الفاتح
حقل البيانات ثابتة الطول 00771nam a2200217Ia 4500
008 - عناصر البيانات ثابتة الطول - معلومات عامة
حقل البيانات ثابتة الطول 140319s9999 xx 000 0 ara d
040 ## - مصدر الفهرسة
وكالة الفهرسة الأصلية GCL /
وكالة النسخ GCL
082 04 - رقم تصنيف ديوى العشرى
رقم التصنيف 955
رقم المادة و ا
100 1# - المدخل الرئيسى - إسم شخصى
الإسم الشخصى وليد محمود عبدالناصر
245 10 - بيان العنوان
العنوان ايران وللثورة وجوة متعددة: قصة صعود وسقوط التيار الاسلامى التقدمى فى ايران من 1965 الى 1981 /
بيان المسئوليه,etc وليد محمود عبدالناصر
260 ## - PUBLICATION, DISTRIBUTION, ETC. (IMPRINT)
تاريخ النشر أو التوزيع 1993
300 ## - الوصف المادى
التعداد 152 ص
490 ## - بيان السلسلة
عنوان السلسلة
650 04 - المدخل الاضافى بالموضوع-مصطلح موضوعى
مصطلح موضوعي تاريخ
650 04 - المدخل الاضافى بالموضوع-مصطلح موضوعى
مصطلح موضوعي ايران
650 04 - المدخل الاضافى بالموضوع-مصطلح موضوعى
مصطلح موضوعي فتح فارس
650 04 - المدخل الاضافى بالموضوع-مصطلح موضوعى
مصطلح موضوعي الثورة الاسلامية
650 04 - المدخل الاضافى بالموضوع-مصطلح موضوعى
مصطلح موضوعي الثورة الايرانية
942 ## - عناصر المدخل الإضافي( كوها)
مصدر التصنيف او مخطط الترفيف Dewey Decimal Classification
Koha [default] item type كتاب
260 ## - PUBLICATION, DISTRIBUTION, ETC. (IMPRINT)
-- [S.N] :
-- دار المستقبل العربى ،
Holdings
حالة التراجع حالة الفقد حالة تلف ليس للاعارة المكان المؤقت الموقع الحالى تاريخ الاكتساب اجمالي اﻻعارات رقم الطلب الباركود تاريخ اخر مشاهدة تاريخ تفعيل السعر نوع وعاء كوها
        مكتبة القاهرة الكبرى مكتبة القاهرة الكبرى 03/26/2014   955\و ا 104074 03/26/2014 03/26/2014 كتاب
        مكتبة القاهرة الكبرى مكتبة القاهرة الكبرى 03/26/2014   955\و ا 104075 03/26/2014 03/26/2014 كتاب

Powered By

EGPV